000 01320nam a22002657a 4500
999 _c57018
_d57018
003 Ge_BSU
005 20191015142651.0
008 191015s2019 ge ||||| |||| 00| 0 geo d
041 _ageo
080 _a579(075.8) გ-12
100 _aგაბელაშვილი-ბრეგაძე, მანონ
_94713
245 _aზოგადი მიკრობიოლოგია, ვირუსოლოგია /
_cრედ.: ზურაბ ლომთათიძე.
250 _aმესამე შევსებული და გადამუშავებული გამოცემა
264 _aქუთაისი :
_bაკაკი წერეთლის უნ-ტის გამ-ბა,
_c2019.
300 _a448 გვ. ;
_b21 სმ.
501 _aსაგნ. საძ. გვ. 429-442.
504 _aბიბლ. გვ. : 443.
653 _aბიოლოგია
653 _aმიკრობიოლოგია
653 _aვირუსოლოგია
653 _aქსეროქსი
700 _aლომთათიძე,ზურაბ
_eრედაქტორი
_94714
710 _aაკაკი წერეთლის სახელმწიფო უნივერსიტეტი
_94715
942 _2udc
_cBK